The Táin : (Record no. 265)

MARC details
000 -LEADER
fixed length control field 01615cam a2200397 a 4500
001 - CONTROL NUMBER
control field 13016263
005 - DATE AND TIME OF LATEST TRANSACTION
control field 20200421093825.0
008 - FIXED-LENGTH DATA ELEMENTS--GENERAL INFORMATION
fixed length control field 021129s1970 enkab 000 0 eng d
010 ## - LIBRARY OF CONGRESS CONTROL NUMBER
LC control number 2002726950
015 ## - NATIONAL BIBLIOGRAPHY NUMBER
National bibliography number GBA2-W7566
020 ## - INTERNATIONAL STANDARD BOOK NUMBER
International Standard Book Number 0192803735 (pbk.)
035 ## - SYSTEM CONTROL NUMBER
System control number (OCoLC)ocm50018077
040 ## - CATALOGING SOURCE
Original cataloging agency UKM
Transcribing agency UKM
Modifying agency DLC
041 1# - LANGUAGE CODE
Language code of text/sound track or separate title eng
Language code of original gle
042 ## - AUTHENTICATION CODE
Authentication code lccopycat
043 ## - GEOGRAPHIC AREA CODE
Geographic area code e-ie---
050 00 - LIBRARY OF CONGRESS CALL NUMBER
Classification number PB1397.T3
Item number E513 1970
082 00 - DEWEY DECIMAL CLASSIFICATION NUMBER
Classification number 891.6/231
Edition information 22
130 0# - MAIN ENTRY--UNIFORM TITLE
Uniform title Táin bó Cúailnge.
Language of a work English.
9 (RLIN) 513
245 14 - TITLE STATEMENT
Title The Táin :
Remainder of title translated from the Irish epic Táin Bó Cualinge /
Statement of responsibility, etc. by Thomas Kinsella ; with brush drawings by Louis le Brocquy.
260 ## - PUBLICATION, DISTRIBUTION, ETC.
Place of publication, distribution, etc. Oxford ;
-- New York :
Name of publisher, distributor, etc. Oxford University Press,
Date of publication, distribution, etc. 1970
Date of manufacture (2002 printing)
300 ## - PHYSICAL DESCRIPTION
Extent 282 p. :
Other physical details ill., map ;
Dimensions 20 cm.
504 ## - BIBLIOGRAPHY, ETC. NOTE
Bibliography, etc. note Includes bibliographical references.
650 #0 - SUBJECT ADDED ENTRY--TOPICAL TERM
Topical term or geographic name entry element Epic literature, Irish
Form subdivision Translations into English.
9 (RLIN) 514
650 #0 - SUBJECT ADDED ENTRY--TOPICAL TERM
Topical term or geographic name entry element Heroes
Geographic subdivision Ireland
General subdivision Legends.
9 (RLIN) 515
650 #0 - SUBJECT ADDED ENTRY--TOPICAL TERM
Topical term or geographic name entry element Mythology, Celtic
Geographic subdivision Ireland.
9 (RLIN) 516
650 #0 - SUBJECT ADDED ENTRY--TOPICAL TERM
Topical term or geographic name entry element Tales
Geographic subdivision Ireland.
700 1# - ADDED ENTRY--PERSONAL NAME
Personal name Kinsella, Thomas.
9 (RLIN) 517
700 1# - ADDED ENTRY--PERSONAL NAME
Personal name Le Brocquy, Louis,
Dates associated with a name 1916-2012.
9 (RLIN) 518
856 42 - ELECTRONIC LOCATION AND ACCESS
Materials specified Publisher description
Uniform Resource Identifier <a href="http://www.loc.gov/catdir/enhancements/fy0614/2002726950-d.html">http://www.loc.gov/catdir/enhancements/fy0614/2002726950-d.html</a>
856 41 - ELECTRONIC LOCATION AND ACCESS
Materials specified Table of contents only
Uniform Resource Identifier <a href="http://www.loc.gov/catdir/enhancements/fy0614/2002726950-t.html">http://www.loc.gov/catdir/enhancements/fy0614/2002726950-t.html</a>
856 42 - ELECTRONIC LOCATION AND ACCESS
Materials specified Contributor biographical information
Uniform Resource Identifier <a href="http://www.loc.gov/catdir/enhancements/fy0726/2002726950-b.html">http://www.loc.gov/catdir/enhancements/fy0726/2002726950-b.html</a>
906 ## - LOCAL DATA ELEMENT F, LDF (RLIN)
a 7
b cbc
c copycat
d 2
e ncip
f 20
g y-gencatlg
942 ## - ADDED ENTRY ELEMENTS (KOHA)
Source of classification or shelving scheme Dewey Decimal Classification
Koha item type Books
Holdings
Withdrawn status Lost status Damaged status Not for loan Collection Home library Current library Shelving location Date acquired Barcode Date last seen Price effective from Koha item type
        Reference Fairview Fairview General stacks 09/04/2014 39999000011616 09/04/2014 09/04/2014 Books
        Reference Fairview Fairview General stacks 09/04/2014 39999000011654 09/04/2014 09/04/2014 Books
        Reference Midway Midway General stacks 09/04/2014 39999000011593 09/04/2014 09/04/2014 Books
        Reference Midway Midway General stacks 09/04/2014 39999000011630 09/04/2014 09/04/2014 Books